[Event "RSA-chT U20A"]
[Site "Boksburg"]
[Date "2018.12.19"]
[Round "6.5"]
[White "Prinsloo, Marthinus Philippus"]
[Black "Tissot van Patot, Donaven"]
[Result "1-0"]
[WhiteElo "1653"]
[BlackElo "961"]
[PlyCount "35"]
[EventDate "2018.12.16"]
[EventType "team-tourn"]
[EventRounds "7"]
[EventCountry "RSA"]
[SourceTitle "EXT 2020"]
[Source "ChessBase"]
[SourceDate "2019.10.17"]
[SourceVersion "1"]
[SourceVersionDate "2019.10.17"]
[SourceQuality "1"]
[WhiteTeam "Tshwane U20"]
[BlackTeam "Eden District U20"]
[WhiteTeamCountry "RSA"]
[BlackTeamCountry "RSA"]

1. d4 d5 2. c4 c6 3. Nc3 Nf6 4. Nf3 b6 5. Bf4 g6 6. e3 Bb7 7. Qc2 Bg7 8. cxd5 cxd5 9. Nb5 0-0 10. Nc7 Qc8 11. Rc1 Nbd7 12. Nxa8 Qxc2 13. Rxc2 Rxa8 14. Rc7 Bc8 15. Bb5 Nf8 16. Bc6 Rb8 17. Rxe7 Ba6 18. Bxb8 1-0

[Event "RSA-chT U20A"]
[Site "Boksburg"]
[Date "2018.12.18"]
[Round "5.5"]
[White "Tissot van Patot, Donaven"]
[Black "Beyers, Brad"]
[Result "1-0"]
[WhiteElo "961"]
[BlackElo "832"]
[PlyCount "53"]
[EventDate "2018.12.16"]
[EventType "team-tourn"]
[EventRounds "7"]
[EventCountry "RSA"]
[SourceTitle "EXT 2020"]
[Source "ChessBase"]
[SourceDate "2019.10.17"]
[SourceVersion "1"]
[SourceVersionDate "2019.10.17"]
[SourceQuality "1"]
[WhiteTeam "Eden District U20"]
[BlackTeam "Ethekwini U20"]
[WhiteTeamCountry "RSA"]
[BlackTeamCountry "RSA"]

1. d4 d5 2. g3 Bf5 3. Bg2 c6 4. Nf3 Nf6 5. Nc3 h6 6. 0-0 Nbd7 7. Re1 Ne4 8. Qd3 e6 9. a3 Nxg3 10. e4 Nxe4 11. Nxe4 Bxe4 12. Qd2 Bd6 13. b3 Qb6 14. Re3 Bf4 15. Qc3 Bxe3 16. fxe3 Rc8 17. Bb2 c5 18. dxc5 Rxc5 19. Qxg7 Rh7 20. Qg8+ Ke7 21. Bd4 e5 22. Bxc5+ Qxc5 23. Re1 Nf6 24. Qg3 Kf8 25. Qxe5 Rg7 26. Qxf6 Bxf3 27. Qd8# 1-0

[Event "RSA-chT U20A"]
[Site "Boksburg"]
[Date "2018.12.16"]
[Round "2.5"]
[White "Tissot van Patot, Donaven"]
[Black "Amsterdam, Nathan"]
[Result "0-1"]
[WhiteElo "961"]
[BlackElo "1691"]
[PlyCount "70"]
[EventDate "2018.12.16"]
[EventType "team-tourn"]
[EventRounds "7"]
[EventCountry "RSA"]
[SourceTitle "EXT 2020"]
[Source "ChessBase"]
[SourceDate "2019.10.17"]
[SourceVersion "1"]
[SourceVersionDate "2019.10.17"]
[SourceQuality "1"]
[WhiteTeam "Eden District U20"]
[BlackTeam "Western Province U20"]
[WhiteTeamCountry "RSA"]
[BlackTeamCountry "RSA"]

1. d4 f5 2. c4 Nf6 3. Nc3 e6 4. Bg5 Be7 5. Bxf6 Bxf6 6. e3 0-0 7. Nf3 c5 8. Be2 cxd4 9. exd4 b6 10. 0-0 Bb7 11. Re1 Na6 12. Bf1 Nc7 13. Qd2 Bxf3 14. gxf3 Bg5 15. f4 Bh6 16. Re2 Qh4 17. f3 Bxf4 18. Qd3 Rf6 19. Rg2 Rg6 20. Qe2 Bxh2+ 21. Kh1 Be5+ 22. Rh2 Bxh2 23. Qxh2 Qxd4 24. Rd1 Qe3 25. Bg2 Rh6 26. Bh3 Qxf3+ 27. Bg2 Rxh2+ 28. Kxh2 Qf4+ 29. Kg1 Qe3+ 30. Kh2 d5 31. cxd5 exd5 32. Nxd5 Qe5+ 33. Kh1 Rd8 34. Nc3 Rxd1+ 35. Nxd1 Qe1+ 0-1